Missing Word: Adam Sandler (A-Z) Quiz Stats

 Plays Quiz Updated Nov 21, 2016

Challenge
Share
Tweet
Embed
Score 0/22 Timer 03:00
0 Plays Today
Movie Word % Correct
_____ and JillJack
98.4%
_____ ManagementAnger
97.8%
_____ Now Pronounce You Chuck & LarryI
97.7%
_____ GilmoreHappy
95.8%
Just _____ With ItGo
95.2%
The Longest _____Yard
94%
The Wedding _____Singer
90.9%
Grown ___Ups
88.9%
Billy _____Madison
87.1%
_____ NickyLittle
86.8%
_____ StoriesBedtime
83%
Movie Word % Correct
You Don't Mess with the _____Zohan
79%
Big _____Daddy
78.2%
_____-Drunk LovePunch
75.6%
_____ Crazy NightsEight
73.8%
_____ My BoyThat's
73.7%
_____ PeopleFunny
69.4%
Mixed _____Nuts
49.7%
The _____Waterboy
46.5%
_____ Over MeReign
40.4%
Going _____Overboard
28.7%
Shakes the _____Clown
24.6%

Today's Daily Dose

You're not logged in!

Compare scores with friends on all Sporcle quizzes.
Join for Free
OR
Log In

You Might Also Like...

Show Comments

Extras

Top Quizzes Today


Score Distribution

Your Account Isn't Verified!

In order to create a playlist on Sporcle, you need to verify the email address you used during registration. Go to your Sporcle Settings to finish the process.

Report this User

Report this user for behavior that violates our Community Guidelines.

Details: